| 000 | 005900000a22001330004500 | ||
|---|---|---|---|
| 100 | 1 | _aBusch, Eberhard | |
| 245 | 1 | 0 | _aWho was and who is Calvin?: Interpretations of recent times |
| 300 | _aVol.57, núm.4 (2007), Páginas 237-250 | ||
| 500 | _aEl autor quiere fomentar la publicación y estudio de todos los escritos de Calvino para ver lo que dice a los cristianos hoy. | ||
| 520 | _a1. Interpretaciones en epocas anteriores, 2. El centro de su teolgía, 3. Ediciones, 4. Nuevas interpretaciones, 5. La ética de Calvino | ||
| 650 | 1 | 4 | _aCALVINO |
| 773 | 0 | _tReformed World | |
| 942 | _cANA | ||
| 999 |
_c62681 _d62681 |
||